Jornadas Europeas sobre Servicios Públicos de Empleo y Política de Empleo (Record no. 84846)

MARC details
000 -LEADER
campo de control de longitud fija 00715nam a2200169 i 4500
001 - NÚMERO DE CONTROL
campo de control 84846
003 - IDENTIFICADOR DE NÚMERO DE CONTROL
campo de control ES-MaACL
005 - FECHA Y HORA DE LA ÚLTIMA TRANSACCIÓN
campo de control 20230906175125.0
007 - CAMPO FIJO DE DESCRIPCIÓN FÍSICA--INFORMACIÓN GENERAL
campo de control de longitud fija t|
008 - DATOS DE LONGITUD FIJA--INFORMACIÓN GENERAL
campo de control de longitud fija 041124s1984 sp ||||1| spa d
111 2# - ENTRADA PRINCIPAL--NOMBRE DE CONGRESO/REUNIÓN
Nombre de congreso/reunión o jurisdicción como elemento de entrada Jornadas Europeas sobre Servicios Públicos de Empleo y Política de Empleo (
Fecha del congreso o de la firma del tratado 1983.
Sede del congreso/Lugar de la reunión Madrid)
9 (RLIN) 825
245 10 - MENCIÓN DEL TÍTULO
Título Jornadas Europeas sobre Servicios Públicos de Empleo y Política de Empleo
Resto del título : 1983, Madrid /
Mención de responsabilidad, etc. Instituto de Estudios Laborales y de la Seguridad Social.
260 ## - PUBLICACIÓN, DISTRIBUCIÓN, ETC.
Lugar de publicación, distribución, etc. [Madrid] :
Nombre del editor, distribuidor, etc. Ministerio de Trabajo y Seguridad Social,
Fecha de publicación, distribución, etc. [1984]
300 ## - DESCRIPCIÓN FÍSICA
Extensión 504 p. ;
Dimensiones 24 cm.
710 2# - ENTRADA AGREGADA--NOMBRE DE ENTIDAD CORPORATIVA
Nombre de entidad corporativa o nombre de jurisdicción como elemento de entrada Instituto de Estudios Laborales y de la Seguridad Social.
9 (RLIN) 4915
852 ## - LOCALIZACIÓN
Ubicación ES-MaACL
Número de control de estantería L-7283
Sublocalización o colección R.107413
Holdings
Estatus retirado Estado de pérdida Estado de daño No para préstamo Biblioteca de origen Biblioteca actual Ubicación en estantería Fecha de adquisición Fuente de adquisición Total de préstamos Signatura topográfica completa Código de barras Visto por última vez Precio de reemplazo Tipo de ítem Koha
        Biblioteca del Ateneo de Madrid Biblioteca del Ateneo de Madrid Depósito 2 17/01/2008     L-7283 1088669 23/02/2023 23/02/2023 Libro impreso